<?xml version="1.0" encoding="UTF-8"?>
<record
    xmlns:xsi="http://www.w3.org/2001/XMLSchema-instance"
    xsi:schemaLocation="http://www.loc.gov/MARC21/slim http://www.loc.gov/standards/marcxml/schema/MARC21slim.xsd"
    xmlns="http://www.loc.gov/MARC21/slim">

  <leader>00613nam a2200181Ia 4500</leader>
  <controlfield tag="008">201221s9999||||xx |||||||||||||| ||und||</controlfield>
  <datafield tag="020" ind1=" " ind2=" ">
    <subfield code="a">9004101152</subfield>
  </datafield>
  <datafield tag="020" ind1=" " ind2=" ">
    <subfield code="a">9789004101159</subfield>
  </datafield>
  <datafield tag="041" ind1=" " ind2=" ">
    <subfield code="a">eng</subfield>
  </datafield>
  <datafield tag="050" ind1=" " ind2=" ">
    <subfield code="a">BS2675.2 </subfield>
    <subfield code="b">.Y46 1995</subfield>
  </datafield>
  <datafield tag="100" ind1=" " ind2=" ">
    <subfield code="a">Yeo, Khiok-Khng </subfield>
  </datafield>
  <datafield tag="245" ind1=" " ind2="0">
    <subfield code="a">Rhetorical interaction in 1 Corinthians 8 and 10: </subfield>
    <subfield code="b">a formal analysis with preliminary suggestions for a Chinese, cross-cultural hermeneutic /</subfield>
    <subfield code="c">Khiok-Khng Yeo</subfield>
  </datafield>
  <datafield tag="260" ind1=" " ind2=" ">
    <subfield code="a">Leiden :</subfield>
    <subfield code="b">Brill,</subfield>
    <subfield code="c">1995</subfield>
  </datafield>
  <datafield tag="300" ind1=" " ind2=" ">
    <subfield code="a">xvi, 275 p. </subfield>
    <subfield code="b">;</subfield>
    <subfield code="c">24 cm.</subfield>
  </datafield>
  <datafield tag="650" ind1=" " ind2=" ">
    <subfield code="a">Paulus, Apostel, approximately 1.Jh.</subfield>
  </datafield>
  <datafield tag="650" ind1=" " ind2=" ">
    <subfield code="a">Yeo, Khiok-Khng.</subfield>
  </datafield>
  <datafield tag="952" ind1=" " ind2=" ">
    <subfield code="0">0</subfield>
    <subfield code="1">0</subfield>
    <subfield code="4">0</subfield>
    <subfield code="7">0</subfield>
    <subfield code="a">GETS</subfield>
    <subfield code="b">GETS</subfield>
    <subfield code="c">GEN</subfield>
    <subfield code="d">2020-12-21</subfield>
    <subfield code="l">0</subfield>
    <subfield code="o">BS2675.2 .Y46 1995</subfield>
    <subfield code="p">00020678</subfield>
    <subfield code="r">2020-12-21 00:00:00</subfield>
    <subfield code="w">2020-12-21</subfield>
    <subfield code="y">BK</subfield>
  </datafield>
  <datafield tag="999" ind1=" " ind2=" ">
    <subfield code="c">32899</subfield>
    <subfield code="d">32899</subfield>
  </datafield>
</record>
